Obras selectas; tomo x /

Guardado en:
Autor Principal: Alberdi, Juan Bautista
Formato: Libro
Publicado: Buenos Aires : La Facultad, 1920
Materias:
Etiquetas: Agregar Etiqueta
Sin Etiquetas, Sea el primero en etiquetar este registro!
LEADER 00654nam a22002175a 4500
001 CEM.cems000361
005 20060210000000.0
008 130507s1920##################000#0#####d
003 CEMS
082 0 4 |a A860.2 
100 1 |a Alberdi, Juan Bautista 
245 1 0 |a Obras selectas; tomo x / 
260 |a Buenos Aires :  |b La Facultad,  |c 1920 
300 |a 582 p. 
505 0 |a Bases y comentarios de la Constituci¢n Argentina 
653 |a Alberdi-obras selectas 
653 |a Argentina-constitucion 
653 |a Derecho constitucional 
653 |a Literatura 
653 |a Literatura argentina 
859 |a CEMS  |b BIB. CEMS - 11 de abril  |h A860.2  |i AL14/X  |p 10794.81  |t Ej.1